000 00287 a2200121 4500
001 63667
082 _a624.1776 TIM
090 _c37667
_d37667
100 _aTimoshenko S
245 _aTheory of Plates and Shells
_hEnglish
260 _aLondon
_bMcGraw-Hill
_c1989
300 _b580p
942 _aNUST-CAE
_k624.1776 TIM
999 _c298740
_d298740